000 00913nam a22002417a 4500
999 _c3970
_d3970
005 20251125232750.0
008 s2522 th tha d
040 _aNALT
041 _atha
050 _aJA49 ช5 2522
100 0 _aชัยอนันต์ สมุทวณิช
245 1 0 _aการเมืองกับการบริหาร
260 3 _aกรุงเทพฯ :
_bวัชรินทร์การพิมพ์,
_c2522
300 _a208 หน้า :
_b ภาพประกอบ, ตาราง ;
_c 29 ซม.
650 0 4 _aระบบการเมือง
650 0 4 _aการเมือง
650 0 4 _aนักการเมือง
650 0 4 _aระบบราชการ -- ไทย
650 0 4 _aระบบราชการ
850 _aNALT
856 4 0 _uhttps://hdl.handle.net/20.500.14156/411103
_71
942 _cGB
_2lcc